| 000 | 00362nam a2200121Ia 4500 | ||
|---|---|---|---|
| 008 | 161229s9999 xx 000 0 und d | ||
| 082 | _a657.97 PON/TH | ||
| 100 | _aPonnuthurai, K S | ||
| 245 | _aTheory and practice of accounting in fishery cooperative societies | ||
| 260 |
_bInternational cooperative alliance _aNew Delhi |
||
| 300 | _axiv, 275 | ||
| 942 | _cBK | ||
| 999 |
_c153647 _d153647 |
||